| 000 | 00650nam a22002057a 4500 | ||
|---|---|---|---|
| 999 |
_c4481 _d4481 |
||
| 003 | AR-CdUCM | ||
| 008 | 190308b ||||| |||| 00| 0 spa d | ||
| 040 |
_aMUNICIPALIDAD PROVINCIAL DEL CUSCO _cBIBLIOTECA MUNICIPAL DEL CUSCO |
||
| 082 |
_a923. / _bM64 |
||
| 100 |
_aQuesada,Luis Miro _914073 |
||
| 245 | _aLuis Miro Quesada / | ||
| 260 |
_aLima : _bTallere graficos P. L. _c1970. |
||
| 300 |
_a184 paginas ; _c25 cm. |
||
| 505 | _aBiografĂa -- El periodista -- El legislador social -- El polĂtico -- El educador. | ||
| 650 |
_aSociologo _914074 |
||
| 650 |
_aGuerra _91007 |
||
| 650 |
_aBiografia _9437 |
||
| 942 |
_2ddc _cLIBROS |
||
| 945 | _awsnt | ||